000
00219 a2200097 4500
001
12529
100
_a
Mass,S.A
245
_a
Noise in Linear and Nonlinear Circuits
260
_a
_b
Artech House
_c
090
_c
9543
_d
9543
942
_a
NUST-CAE
_c
M
_c
36426
999
_c
247602
_d
247602